Los espacios vacantes de la industrialización vizcaina / (Record no. 59787)

MARC details
000 -LEADER
campo de control de longitud fija 00602nam a2200181 i 4500
001 - NÚMERO DE CONTROL
campo de control 59787
003 - IDENTIFICADOR DE NÚMERO DE CONTROL
campo de control ES-MaACL
005 - FECHA Y HORA DE LA ÚLTIMA TRANSACCIÓN
campo de control 20230906164111.0
007 - CAMPO FIJO DE DESCRIPCIÓN FÍSICA--INFORMACIÓN GENERAL
campo de control de longitud fija t|
008 - DATOS DE LONGITUD FIJA--INFORMACIÓN GENERAL
campo de control de longitud fija 031030s1959 sp ||||1| spa d
100 1# - ENTRADA PRINCIPAL--NOMBRE DE PERSONA
Nombre de persona Escagües de Javierre, Isidoro.
9 (RLIN) 47455
245 14 - MENCIÓN DEL TÍTULO
Título Los espacios vacantes de la industrialización vizcaina /
Mención de responsabilidad, etc. Isidoro Escagües de Javierre.
260 ## - PUBLICACIÓN, DISTRIBUCIÓN, ETC.
Lugar de publicación, distribución, etc. Bilbao :
Nombre del editor, distribuidor, etc. [s.n.,
Fecha de publicación, distribución, etc. 1959]
300 ## - DESCRIPCIÓN FÍSICA
Extensión 8 p. ;
Dimensiones 25 cm.
500 ## - NOTA GENERAL
Nota general Tirada aparte de la Revista "Urbis, año VIII, núm. 23.
650 #4 - PUNTO DE ACCESO ADICIONAL DE MATERIA--TÉRMINO DE MATERIA
Término de materia o nombre geográfico como elemento de entrada Desarrollo industrial-
Subdivisión geográfica Vizcaya.
9 (RLIN) 155273
852 ## - LOCALIZACIÓN
Ubicación ES-MaACL
Número de control de estantería 2026-F-5
Sublocalización o colección R.48280
Holdings
Estatus retirado Estado de pérdida Estado de daño No para préstamo Colección Biblioteca de origen Biblioteca actual Ubicación en estantería Fecha de adquisición Fuente de adquisición Total de préstamos Signatura topográfica completa Código de barras Visto por última vez Precio de reemplazo Tipo de ítem Koha
        Colección de folletos Biblioteca del Ateneo de Madrid Biblioteca del Ateneo de Madrid Depósito folletos 17/01/2008     2026-F-5 1062707 23/02/2023 23/02/2023 Folleto